| 000 | 01220nam a2200253Ia 4500 | ||
|---|---|---|---|
| 999 |
_c54730 _d54730 |
||
| 001 | 21797 | ||
| 003 | GE_BSU | ||
| 005 | 20230731163315.0 | ||
| 008 | 181216s2017||||ge |||||||||||||| ||geo|| | ||
| 020 | _a9789941452420 | ||
| 040 | _cGE_BSU | ||
| 041 | _ageo | ||
| 080 | _a821.133.1.09 ი-95 | ||
| 100 |
_aიურსენარი, მარგერიტ _919587 |
||
| 245 |
_aადრიანეს მოგონებები / _cმარგერიტ იურსენარი ; მთარგმნელი მერაბ ფიფია ; რედაქტორები : ლია ლიქოკელი, ეთერ ინწკირველი. |
||
| 264 |
_aთბილისი : _bქარჩხაძის გამომცემლობა, _c2017. |
||
| 300 |
_a417 გვ. ; _c20 სმ. |
||
| 541 | _h5 ლ. | ||
| 653 | _aადრიანეს მოგონებები | ||
| 700 |
_aფიფია, მერაბ _eმთარგმნელი _96443 |
||
| 700 |
_aლიქოკელი, ლია _eრედაქტორი _917545 |
||
| 700 |
_aინწკირველი, ეთერ _eრედაქტორი _913871 |
||
| 942 |
_cBK _2udc |
||